01148nam a2200193Ia 4500001001100000003001000011008004100021040002500062041001300087100003100100245005300131250001100184260008900195300001200284500026000296501011400556520026000670650002400930L270-22722IT-CnALBA170116s9999||||xx |||||||||||||| ||und|| aIT-CnALBAcIT-CnALBA aITALIANO aBUONAIUTI ERNESTO, STORICO 0aSTORIA DEL CRISTIANESIMO. VOL. II: L'EVO MEDIO.  a1a ed. aMILANObDALL'OGLIO CORBACCIO EDITORE c1943 [1° Ed.:1943 - Ed.Ling.Originale: 1943] a738 p.  aI LONGOBARDI. GREGORIO MAGNO. ISLAMISMO. ICONOCLASTIA. I CAROLINGI. SCISMA GRECO. MONACHISMO E FEUDALESIMO. S. ANSELMO. RIFORMA GREGORIANA. CROCIATE. CISTERCENSI. GIOACHIMITI. INNOCENZO III. ORDINI MENDICANTI. TEOLOGIA NOVA. DANTE. SCISMA D'OCCIDENTE. PAP aSocietà San Paolo EM - Piazza San Paolo, 14 - 12051 ALBA (CN) (non commercial uses only) ® Copyright 2017 aI LONGOBARDI. GREGORIO MAGNO. ISLAMISMO. ICONOCLASTIA. I CAROLINGI. SCISMA GRECO. MONACHISMO E FEUDALESIMO. S. ANSELMO. RIFORMA GREGORIANA. CROCIATE. CISTERCENSI. GIOACHIMITI. INNOCENZO III. ORDINI MENDICANTI. TEOLOGIA NOVA. DANTE. SCISMA D'OCCIDENTE. PAP aSTORIA DELLA CHIESA